300 Escudos de Times de Futebol Brasileiros #2 - Statistics

Estatísticas Gerais
  • Esse quiz foi jogado 58 vezes
    38 desde o último reset
  • A pontuação média é 43 de 300
Estatísticas das Respostas
Imagem Resposta % Correto
Capivariano - SP
69%
Santos - AP
66%
Tupi - MG
66%
Vasco - AC
59%
América - SP
55%
Fluminense de Feira - BA
55%
São Cristóvão - RJ
55%
Flamengo - PI
52%
Rio Branco - SP
48%
Blumenau - SC
45%
Grêmio Maringá - PR
45%
Rio Preto - SP
45%
Comercial - SP
41%
Monte Roraima - RR
41%
União Barbarense - SP
41%
XV de Jaú - SP
41%
Bonsucesso - RJ
38%
Rio Claro - SP
38%
União Suzano - SP
38%
EC São Bernardo - SP
34%
Feira - BA
34%
Friburguense - RJ
34%
Gaúcho - RS
34%
Guarani - MG
34%
Mogi Mirim - SP
34%
Nacional - PR
34%
Penapolense - SP
34%
Samambaia - DF
34%
Tanabi - SP
34%
Araçatuba - SP
31%
Atlético - PB
31%
Bandeirante - SP
31%
Barcelona - SP
31%
CEFAT - CE
31%
Coimbra - MG
31%
Guaporé - RO
31%
Guarulhos - SP
31%
Independente - SP
31%
Internacional de S.M. - RS
31%
Jabaquara - SP
31%
Porto - BA
31%
Serrano - RJ
31%
Sertãozinho - SP
31%
Taquaritinga - SP
31%
Tubarão - SC
31%
União Suzano - SP
31%
Barra Mansa - RJ
28%
Fluminense - SC
28%
Internacional - SP
28%
Itapirense - SP
28%
Metropolitano - SC
28%
Nacional - MG
28%
Portuguesa - AP
28%
Sãocarlense - SP
28%
Andraus - PR
24%
Catanduva - SP
24%
Catanduvense - SP
24%
Ivinhema - MS
24%
Lemense - SP
24%
Mamoré - MG
24%
Operário - AM
24%
Paulínia Universitário - SP
24%
Riopretano - SP
24%
Serra Branca - PB
24%
Vilavelhense - ES
24%
ABECAT - GO
21%
Baraúnas - RN
21%
Brasil - RS
21%
Campo Grande - RJ
21%
Estrela do Norte - ES
21%
Gramadense - RS
21%
Guarani - CE
21%
Guarani - SC
21%
Itaquá - SP
21%
Lajeadense - RS
21%
Leônico - BA
21%
Mauaense - SP
21%
Mauá - SP
21%
Morrinhos - GO
21%
Potyguar Seridoense - RN
21%
Rio Verde - GO
21%
Sobradinho - DF
21%
Tocantins - TO
21%
Tupã - SP
21%
União Mogi - SP
21%
Veranópolis - RS
21%
Votoraty - SP
21%
América - SE
17%
Angra dos Reis - RJ
17%
Araucária - PR
17%
Assisense - SP
17%
Atlético - PI
17%
Aymorés - MG
17%
Bagé - RS
17%
Barretos - SP
17%
Bela Vista - TO
17%
Caravaggio - SC
17%
Centro Oeste - GO
17%
Colorado Caieiras - SP
17%
Guarani - RS
17%
Inhumas - GO
17%
Laranja Mecânica - PR
17%
Luziânia - GO->DF
17%
Manthiqueira - SP
17%
Nação - SC
17%
Paranavaí - PR
17%
Passo Fundo - RS
17%
Santa Fé - SP
17%
São José - MA
17%
Aliança - AL
14%
Araruama - RJ
14%
Auto-Esporte - PB
14%
Barbalha - CE
14%
Independente - PA
14%
Legião - DF
14%
Naviraiense - MS
14%
Nova Cidade - RJ
14%
Patriotas - PR
14%
Prudentópolis - PR
14%
Quinho - RN
14%
Rio Negro - RR
14%
Santacruzense - SP
14%
São Carlos - SP
14%
Tiradentes - CE
14%
União Cacoalense - RO
14%
Zumbi - AL
14%
ADESG - AC
10%
América - PE
10%
APAFUT - RS
10%
BARE - AP
10%
Batalhão - TO
10%
Batel - PR
10%
Belo Jardim - PE
10%
Canaã - PA
10%
Capitão Poço - PA
10%
Capixaba - ES
10%
Carapebus - RJ
10%
Corumbaense - MS
10%
Cruzeiro - DF
10%
E.C. de Patos - PB
10%
Guarabira - PB
10%
Guarany - SE
10%
Gurupi - TO
10%
Maranguape - CE
10%
Matonense - SP
10%
Náuas - AC
10%
Parintins - AM
10%
Paulinense - SP
10%
Pinheiros - ES
10%
Primeiro Passo - BA
10%
River - RR
10%
Rondoniense - RO
10%
Santa Cruz - AC
10%
Santa Rosa - PA
10%
São Gonçalo - RJ
10%
São José - AP
10%
Sete - AM
10%
Sport Sinop - MT
10%
SSA - BA
10%
Tarumã - AM
10%
Toledo - PR
10%
União Frederiquense - RS
10%
Unidos do Cruzeiro - DF
10%
Valeriodoce - MG
10%
Vera Cruz - PE
10%
VOCEM - SP
10%
ADEC - AP
7%
Atlético - RR
7%
Belford Roxo - RJ
7%
Candango - DF
7%
Cariri - CE
7%
Ceilandense - DF
7%
Clíper - AM
7%
Comercial - PI
7%
Coxim - MS
7%
Crateús - CE
7%
Decisão - PE
7%
Força e Luz - RN
7%
GREVAL - GO->DF
7%
Independente - SE
7%
José Bonifácio - SP
7%
Lagoa - AP
7%
Laranjeiras - ES
7%
Latitude Zero - AP
7%
Luminense - MA
7%
Mazagão - AP
7%
Miguelense - AL
7%
Mineiros - GO
7%
Mossoró - RN
7%
Paduano - RJ
7%
Paraíso - TO
7%
Paranoá - DF
7%
Petrópolis - RJ
7%
Picuiense - PB
7%
Planaltina - DF
7%
Porto - PE
7%
Progresso - RR
7%
Rolim de Moura - RO
7%
Spartax - PB
7%
Sporting - AL
7%
Sul América - AM
7%
Teresina - PI
7%
Tupy - GO
7%
União de Palmas - TO
7%
Univassouras Artsul - RJ
7%
Varginha - MG
7%
Várzea Grande - MT
7%
Vera Cruz - RJ
7%
Vilhena - RO
7%
Visão Celeste - RN
7%
Ypiranga - PE
7%
Alvorada - TO
3%
Atlético Gloriense - SE
3%
Atlético - MT
3%
Atlético - PA
3%
Barreiras - BA
3%
Bataguassú - MS
3%
Cacerense - MT
3%
Caeté - PA
3%
Caiçara - PI
3%
Camaçari - BA
3%
Carajás - PA
3%
Carmópolis - SE
3%
CDC da Amazônia - AM
3%
Centro - PE
3%
Cori-sabbá - PI
3%
Cristal - AP
3%
Cruzeiro - PB
3%
Desportiva Aracaju - SE
3%
Estanciano - SE
3%
Expressinho - MA
3%
Femar - PB
3%
Forte - ES
3%
Freipaulistano - SE
3%
Grapiúna - BA
3%
Guaraí - TO
3%
Ipojuca - PE
3%
Itapipoca - CE
3%
Itupiranga - PA
3%
ITZ Sport - MA
3%
Izabelense - PA
3%
Jacareí - SP
3%
Jaguaré - ES
3%
Linhares - ES
3%
Maracaju - MS
3%
Miramar - PB
3%
Niteroiense - RJ
3%
Olímpico - SE
3%
Pacatuba - CE
3%
Pantanal - MS
3%
Paulistano - MT
3%
Pinheiro - MA
3%
Plácido de Castro - AC
3%
Pombal - PB
3%
RB do Norte - AM
3%
Redenção - BA
3%
Renovação - AP
3%
Riacho City - DF
3%
Rio Norte - AP
3%
Rive - ES
3%
Santos Athletico - PA
3%
São Domingos - AL
3%
São Luís - MA
3%
Serrano - PB
3%
Sorriso FC - MT
3%
Sport Capixaba - ES
3%
Sport Lucena - PB
3%
Taveirópolis - MS
3%
Tupan - MA
3%
Uirapuru - MT
3%
Viana - MA
3%
Águia - PE
0%
Amazônia Independente - PA
0%
Americano - MA
0%
Aquidauana - MS
0%
Araguaia - TO
0%
Atlético Marajó - PA
0%
Balsas - MA
0%
Barra - SE
0%
Bom Jesus - GO
0%
Campo Novo - MT
0%
Canário - AP
0%
Canindé - SE
0%
Caruaru City - PE
0%
Central Paraíso - TO
0%
Chapada - MT
0%
Crixás - GO
0%
Jacyobá - AL
0%
Jaraguá do Sul - SC
0%
Lago Verde - MA
0%
Nova Cruz - AL
0%
Oeirense - PI
0%
Santa Cruz - MT
0%
Santa Rita - PB
0%
São Gabriel - MS
0%
Sorriso E.C. - MT
0%
Taquarassú - TO
0%
União Paraense - PA
0%
Unidos do Alvorada - AM
0%
Urumajó - PA
0%
Nenhum quiz correspondente encontrado
Distribuição das Pontuações
Porcentagem de Pessoas com Cada Pontuação
Percentil de Números Respondidos
Sua Pontuação Histórica
Você não jogou esse quiz desde o último reset